MARC

LEADER 00000nas a2200000 a 4500
001 ssj0000496043
003 WaSeSS
005 20200512172242.0
006 m d
007 cr n
008 090531c20049999bl tr p s 0 0eng c
010 |a  2011263125 
016 7 |a 2539339-X  |2 DE-600 
022 |a 1806-4981  |y 1806-4981 
035 |a (WaSeSS)ssj0000496043 
037 |b Programa de Mestrado em Comunicaçaõ e Práticas de Consumo ESPM, Escola Superior de Propaganda e Marketing, Rua Dr. Álvaro Alvim, 123, Vila Mariana, São Paulo, Brasil 
040 |a IL4I4  |b eng  |c IL4I4  |d OCLCQ  |d TXA  |d HEBIS  |d CUS  |d OCLCQ  |d OCLCF  |d OCLCQ  |d OCLCA  |d AU@  |d SFB  |d WaSeSS 
041 0 |a por  |a spa  |b eng 
042 |a pcc 
043 |a s-bl--- 
050 1 4 |a HF5821  |b .C556 
245 0 0 |a Comunicaçaõ, mídia e consumo  |h [electronic resource]. 
246 1 |a Revista comunicaçaõ, mídia e consumo 
246 1 |a Revista CMC 
246 1 |a Comunicaçaõ 
246 1 |a CMC 
260 |a [Sao Paulo, Brazil] :  |b [Escola Superior de Propaganda e Marketing],  |c [2004]- 
310 |a Three times yearly 
362 1 |a Began with: Vol. 1, n. 1 (2004). 
500 |a Issues have theme titles. 
506 |a License restrictions may limit access. 
546 |a In Portuguese with some contributions in Spanish. Abstracts also in English. 
588 |a Description based on: Vol. 1, n. 1 (2004); title from PDF running title (revistacmc site, viewed May 12, 2011). 
588 |a Latest issue consulted: Vol. 7, n. 20 (2010) (revistacmc site, viewed May 12, 2011). 
650 0 |a Advertising  |x Social aspects  |v Periodicals. 
650 0 |a Advertising  |x Social aspects  |z Brazil  |v Periodicals. 
650 0 |a Advertising  |x Psychological aspects  |v Periodicals. 
650 0 |a Consumption (Economics)  |x Social aspects  |v Periodicals. 
650 0 |a Consumer behavior  |v Periodicals. 
650 7 |a Advertising  |x Psychological aspects.  |2 fast  |0 (OCoLC)fst00797734 
650 7 |a Advertising  |x Social aspects.  |2 fast  |0 (OCoLC)fst00797762 
650 7 |a Consumer behavior.  |2 fast  |0 (OCoLC)fst00876238 
650 7 |a Consumption (Economics)  |x Social aspects.  |2 fast  |0 (OCoLC)fst00876475 
651 7 |a Brazil.  |2 fast  |0 (OCoLC)fst01206830 
655 0 |a Electronic journals. 
710 2 |a Escola Superior de Propaganda e Marketing. 
776 0 8 |i Print version:  |t Comunicaçaõ, mídia e consumo  |x 1806-4981 
856 4 0 |z Full text available from Research Library: 01/01/2016 to present  |u https://search.proquest.com/publication/2046361